Body life / (Record no. 1043)

MARC details
000 -LEADER
fixed length control field 00755mam a2200289 4500
001 - CONTROL NUMBER
control field 336429
003 - CONTROL NUMBER IDENTIFIER
control field OSt
005 - DATE AND TIME OF LATEST TRANSACTION
control field 20180903145950.0
008 - FIXED-LENGTH DATA ELEMENTS--GENERAL INFORMATION
fixed length control field 730326s1972 caua b 000 0 eng
010 ## - LIBRARY OF CONGRESS CONTROL NUMBER
LC control number 74181764
020 ## - INTERNATIONAL STANDARD BOOK NUMBER
International Standard Book Number 0830701435
035 ## - SYSTEM CONTROL NUMBER
System control number (OCoLC)00606180
035 ## - SYSTEM CONTROL NUMBER
System control number (OCoLC)ocm00606180
040 ## - CATALOGING SOURCE
Original cataloging agency DLC
Transcribing agency DLC
Modifying agency m.c.
043 ## - GEOGRAPHIC AREA CODE
Geographic area code n-us-ca
049 ## - LOCAL HOLDINGS (OCLC)
Holding library PTSJ
050 0# - LIBRARY OF CONGRESS CALL NUMBER
Classification number BV600.2
Item number .S75 1972
082 ## - DEWEY DECIMAL CLASSIFICATION NUMBER
Classification number 200
Item number S812B
100 1# - MAIN ENTRY--PERSONAL NAME
Personal name Stedman, Ray C.
245 10 - TITLE STATEMENT
Title Body life /
Statement of responsibility, etc. by Ray C. Stedman.
260 ## - PUBLICATION, DISTRIBUTION, ETC.
Place of publication, distribution, etc. Glendale, Calif. :
Name of publisher, distributor, etc. G/L Regal Books,
Date of publication, distribution, etc. c1972.
300 ## - PHYSICAL DESCRIPTION
Extent 149 p. :
Other physical details ill. ;
Dimensions 18 cm.
504 ## - BIBLIOGRAPHY, ETC. NOTE
Bibliography, etc. note Includes bibliographical references.
610 20 - SUBJECT ADDED ENTRY--CORPORATE NAME
Corporate name or jurisdiction name as entry element Peninsula Bible Church.
650 #0 - SUBJECT ADDED ENTRY--TOPICAL TERM
Topical term or geographic name entry element Church.
942 ## - ADDED ENTRY ELEMENTS (KOHA)
Source of classification or shelving scheme Dewey Decimal Classification
Koha item type Books
Holdings
Withdrawn status Lost status Source of classification or shelving scheme Damaged status Not for loan Collection code Home library Current library Shelving location Date acquired Total Checkouts Full call number Barcode Date last seen Price effective from Koha item type
    Dewey Decimal Classification     Non-fiction Harvest Mission College Harvest Mission College General Stacks 03.09.2018   200 S812B 003434 03.09.2018 03.09.2018 Books

OPAC Designed and Maintained by HMC Library Team.
Copyright © HMC Library,Greater Noida, UP.
For any Suggestions/Query Contact library via Email:libhmc@gmail.com